000 00648cam a22002293a 4500
001 30602
003 PGUSA
005 20140828083648.0
008 091204s2009||||xxu|||||s|||||000 | eng d
040 _aPGUSA
_beng
042 _adc
050 4 _aDC
100 1 _aMichelet, Jules,
_d1798-1874
245 1 0 _aHistoire de France 1618-1661 (Volume 14/19)
_h[electronic resource] /
_cJules Michelet
260 _bProject Gutenberg,
_c2009
506 _aPublic domain in the USA.
516 _aElectronic text
653 _aFrance -- History
830 0 _aProject Gutenberg
_v30602
856 4 0 _uhttp://www.gutenberg.org/ebooks/30602
942 _cEB
999 _c259857
_d259857